Noem de 54 werkwoorden die beginnen met een J - Statistieken

Algemene statistieken
  • Deze quiz is 21 keer genomen
  • De gemiddelde score is 11 van 54
Antwoordstatistieken
Antwoord % Correct
jagen
81%
janken
75%
jokken
69%
juichen
56%
jammeren
50%
jatten
50%
jodelen
50%
jeuken
44%
joelen
44%
jokeren
44%
jutten
44%
jakkeren
38%
jassen
38%
jennen
38%
jammen
31%
jojoën
31%
jongen
25%
jubelen
25%
jengelen
19%
jetten
19%
joggen
19%
jongleren
19%
judassen
19%
jeremiëren
13%
jiven
13%
jobben
13%
jouwen
13%
jubileren
13%
jumpen
13%
jureren
13%
jobhoppen
6%
joken
6%
jonassen
6%
jonnen
6%
judoën
6%
junken
6%
justificeren
6%
jetskiën
0%
jailbreaken
0%
jangelen
0%
jazzdancen
0%
jetgrouten
0%
jiggen
0%
jitterbuggen
0%
jobsearchen
0%
jobshoppen
0%
jobtracken
0%
joderen
0%
jogglen
0%
joyriden
0%
judiceren
0%
jugglen
0%
jumpstylen
0%
justeren
0%
Geen overeenkomende quizzen gevonden
Scoreverdeling
Procent van Mensen met Elke Score
Percentiel versus Aantal Correcte Antwoorden
Uw Scoregeschiedenis
U heeft deze quiz nog niet genomen